| 000 | 00701nam a2200241 i 4500 | ||
|---|---|---|---|
| 001 | bg | ||
| 100 | 1 | _aARNOW, David M. | |
| 245 | 1 | 0 |
_aIntroduction to programming using Java : _ban object-oriented approach / _cDavid M. Arnow, Gerald Weiss. |
| 260 |
_aReading : _bAddison Wesley Longman, _c1998. |
||
| 300 |
_aXXXI, 783 s. : _brys. ; _c24 cm. |
||
| 504 | _aIndeks. | ||
| 650 | 9 | _aJava (język programowania) | |
| 650 | 9 | _aProgramoanie obiektowe | |
| 655 | _aPodręczniki | ||
| 700 | 1 | _aWEISS, Gerald | |
| 020 | _a0201311844 | ||
| 040 | _cBPK | ||
| 041 | 0 | _aeng | |
| 080 | _a004.438A/Z:004.045](07) | ||
| 920 | _a0-201-31184-4 | ||
| 942 | _cKS | ||
| 008 | s pl f |000 0 pol | ||
| 999 |
_c46124 _d46124 |
||
| 856 |
_uhttp://koha.tu.koszalin.pl/cgi-bin/koha/opac-detail.pl?biblionumber=46124 _yKatalog online BPK |
||